000 00738nam a2200193Ii 4500
003 JO-AjNU
008 230605s9999||||xx |||||||||||||| ||und||
040 _aJO-AjNU
_bara
_erda
_cJO-AjNU
041 _aara
050 1 4 _aBP131.525.D25
100 3 _aإعداد صمرة، توفيق,
_eauthor
_942613
245 0 0 _aقراءة عاصم بن أبي النجود الكوفي رواية حفص بن سلمان: طرق الطيبة
264 3 1 _aد.م:د.ن،د.ت
300 _a86ص
_bيشتمل على جداول من ص (83-86 )
336 _atext
_btxt
_2rdacontent
337 _aunmediated
_bn
_2rdamedia
338 _avolume
_bnc
_2rdacarrier
650 4 _aالقران - قراءة عاصم - القران - قراءة شعبة
_942614
999 _aA18259
_c21827
_d21827